A lágyéki nyirokcsomó gümőkórral társult Durand—Nicolas—Favre-kórja
Elmentve itt :
| Szerzők: | |
|---|---|
| Dokumentumtípus: | Cikk |
| Megjelent: |
1938
|
| Sorozat: | Kolligátum
|
| Kulcsszavak: | Nemi betegségek |
| Online Access: | http://misc.bibl.u-szeged.hu/25355 |
| LEADER | 00609nab a2200181 i 4500 | ||
|---|---|---|---|
| 001 | misc25355 | ||
| 005 | 20191108150247.0 | ||
| 008 | 171122s1938 hu o 0|| zxx d | ||
| 040 | |a SZTE Miscellanea Repozitórium |b hun | ||
| 041 | |a zxx | ||
| 100 | 1 | |a Melczer Miklós | |
| 245 | 1 | 2 | |a A lágyéki nyirokcsomó gümőkórral társult Durand—Nicolas—Favre-kórja |h [elektronikus dokumentum] / |c Melczer Miklós |
| 260 | |c 1938 | ||
| 300 | |a 1-7 | ||
| 490 | 0 | |a Kolligátum | |
| 695 | |a Nemi betegségek | ||
| 700 | 0 | 1 | |a Sipos Károly |e aut |
| 856 | 4 | 0 | |u http://misc.bibl.u-szeged.hu/25355/1/016_016_001-007.pdf |z Dokumentum-elérés |